000 00891nam a2200253Ia 4500
003 OSt
005 20221005112510.0
006 a|||||r|||| 00| 0
007 ta
008 221004b |||||||| |||| 00| 0 pan d
020 _a9789352046140 (hbk)
_cINR 300.00
024 _a35572
037 _b1006, 13/11/2017, H.K. Prakashan
_cTextual
040 _aCRL
_cCRL
_bpan
041 _2pan
_apan
082 _aOxk, 153Q4.2
100 _aਕਪੂਰ, ਨਰਿੰਦਰ ਸਿੰਘ, ਂਚ.
245 0 _aਮਾਲਾ ਮਣਕੇ-2
260 _aਚੰਡੀਗੜ
_bਲੋਕਗੀਤ ਪ੍ਰਕਾFਨ ਭਾਰਤ
_c2017
300 _a360ਪੰ
_ccm.
650 _aਪੰਜਾਾਬੀ ਸਾਹਿਤ
942 _hOxk, 153Q4.2
_cTEXL
_2cc
999 _c1025069
_d1025069